000 01310nam1a22003131 4500
001 v19\rc\1936899
005 20260407004430.0
035 _a(NLR Aleph) 005020978
090 _a6588753
_c6588753
100 _a20080404d1915 u y0rusy50 ca
101 0 _arus
102 _aRU
105 _a z |||||
200 1 _aТруды экспедиций, организованных почвоведом Н.А. Димо для изучения естественно-исторических условий Пензенской губернии
_eВып. 1-
_fПензен. губ. земство. Оценочное отд-ние
_hСер. 3
_iГубернские сводки
210 _aМосква
_d1915
215 _d26
702 1 _4570
_7ca
_8rus
_aДимо
_bН. А.
_f1873-1959
_gНиколай Александрович
_9267620
_3RU\NLR\AUTH\770267676
712 0 2 _aПензенская губ. земская управа
_bОценочное отделение
_3RU\NLR\AUTH\889995326
_9487610
801 0 _aRU
_bNLR
_gpsbo
801 0 _aRU
_bRuMoRGB
_2psbo
801 1 _aRU
_bProSoft-M
_2rusmarc
852 _aNLR
_bЗем
_j28/16
899 _aRuMoRGB
_jU 487/330
899 _aRuMoRGB
_jU 340/50
899 _aRuMoRGB
_jU 340/52
899 _aНБ МГУ
942 _cBOOK
980 _aNB